| 000 | 00512nam a22001937a 4500 | ||
|---|---|---|---|
| 942 | _cBK | ||
| 999 |
_c495 _d495 |
||
| 005 | 20250420134812.0 | ||
| 008 | 200726b ||||| |||| 00| 0 eng d | ||
| 020 | _a9781337556217 | ||
| 040 | _cKCST | ||
| 082 |
_a512.5 _bLa El |
||
| 100 |
_aLarson, Ron _94703 |
||
| 245 |
_aElementary linear algebra / _cRon Larson |
||
| 250 |
_a8th edition _bMetric version |
||
| 260 |
_a[not identified]: _bCengage Learning; _c2017. |
||
| 300 | _avarious p. | ||
| 650 |
_aLinear algebra. _94704 |
||
| 942 | _2ddc | ||